[Event "MNT-chT 1st"]
[Site "Herceg Novi"]
[Date "2006.09.28"]
[Round "7"]
[White "Pejovic, Jovan"]
[Black "Savic, Miomir"]
[Result "1/2-1/2"]
[WhiteElo "2195"]
[BlackElo "2221"]
[PlyCount "145"]
[EventDate "2006.09.22"]
[EventType "team-tourn"]
[EventRounds "11"]
[EventCountry "MNE"]
[SourceTitle "CBM 114 Extra"]
[Source "ChessBase"]
[SourceDate "2006.11.03"]
[SourceVersion "1"]
[SourceVersionDate "2006.11.03"]
[SourceQuality "1"]

1. d4 Nf6 2. Nf3 g6 3. c3 Bg7 4. Bf4 0-0 5. h3 d6 6. e3 c6 7. Nbd2 Nbd7 8. Bh2 c5 9. Be2 b6 10. 0-0 Bb7 11. a4 Bc6 12. Bb5 Qc8 13. Re1 a6 14. Bxc6 Qxc6 15. e4 cxd4 16. Nxd4 Qb7 17. f4 e5 18. N4f3 Qc7 19. Qe2 Rfc8 20. g4 exf4 21. Bxf4 Ne5 22. Nxe5 dxe5 23. Be3 h5 24. g5 Nd7 25. Qf2 Rab8 26. Nf3 Nf8 27. Red1 Qc4 28. Nd2 Qc6 29. Rf1 Rb7 30. Qe2 b5 31. axb5 axb5 32. Ra5 Ne6 33. Rfa1 Bf8 34. Ra6 Qd7 35. Nf3 Bc5 36. Nxe5 Qe7 37. Kh1 Bxe3 38. Qxe3 Ng7 39. Nf3 Nf5 40. Qf4 Qxe4 41. Qxe4 Ng3+ 42. Kg2 Nxe4 43. Ra8 Rxa8 44. Rxa8+ Kg7 45. Re8 Nd6 46. Rd8 Nc4 47. b3 Ne3+ 48. Kf2 Re7 49. Rd3 Nf5 50. Rd5 Rc7 51. Rd3 f6 52. h4 fxg5 53. hxg5 Re7 54. c4 bxc4 55. bxc4 Rc7 56. Nd2 h4 57. Kf3 Kf7 58. Kg4 Ke6 59. Ra3 Rc6 60. Rb3 Ke5 61. Rd3 Rd6 62. Nf3+ Ke6 63. Ra3 Rc6 64. Rc3 Rxc4+ 65. Rxc4 Ne3+ 66. Kxh4 Nxc4 67. Kg4 Ne5+ 68. Nxe5 Kxe5 69. Kg3 Kf5 70. Kf3 Ke5 71. Kg3 Kd4 72. Kf4 Kd5 73. Kf3 1/2-1/2